LEADER 01860nas a2200301 i 4500 001 000000002249 003 CaOOAMICUS 005 20210519145552.0 008 180830c19599999gw qu p u0 0ger r 022 $a0013-9963 040 $aSeMil$bita 245 00$aErbe und Auftrag :$bBenediktinische Monatschrift /$cherausgegeben von der Erzabtei Beuron. 246 01$aErbe und Auftrag : Benediktinische Zeitschrift : Monastische Welt 260 $aBeuron-Hohenzollern :$bBeuroner Kunstverlag,$c1959- 300 $a24 cm. 310 $aTrimestrale 362 0 $a1959- 510 4 $aCod. rivista ACNP:$cP 75647 710 2 $aAbbazia di Beuron.$0(OLS)http://semarc/name/269 780 00$tBenediktinische Monatschrift.$dBeuron-Hohenzollern : Beuroner Kunstverlag, 1950-1958.$w()1972 850 $aSeMil 852 $aSeMil$W1$xVenegono$y1$pCliccare per visualizzare collocazione, posseduto cumulativo e fascicoli ricevuti dell?annata corrente

Cliccare per visualizzare eventuali spogli (alla eventuale voce ?Indici? in fondo di pagina)$B227480$CSeMilBibl$Z2$F227480 $85 961 $aCambio. Scuola Cattolica 996 $6022$a0013-9963$9(OLS)http://semarc/number/256 996 $6245$aErbe und Auftrag :$bBenediktinische Monatschrift$9(OLS)http://semarc/title/3753 996 $6246$aErbe und Auftrag : Benediktinische Zeitschrift : Monastische Welt$9(OLS)http://semarc/title/3754 996 $6260$aBeuron-Hohenzollern :$bBeuroner Kunstverlag$9(OLS)http://semarc/publisher/30483 LEADER 00983nam a2200241 i 4500 001 000000203731 003 CaOOAMICUS 005 20110705000000.0 008 110705s1971 it u000 u fre u 013 $a182445 040 $aSeMil$bita 100 1 $aLidove, Marcel.$0(OLS)http://semarc/name/73550 245 14$aLes vendéens de 93 /$cMarcel Lidove. 260 $aParis :$bÉditions du Seuil,$ccopyr. 1971. 300 $a189 p. :$bill. ;$c18 cm. 490 0 $aMicrocosme. Le temps qui . Groupes sociaux ;$v41. 500 $aContiene : Bibliographie. 650 4$aFrancia - Storia - Sec. 18.$0(OLS)http://semarc/subject/1089 830 0$aMicrocosme. Le temps qui. Groupes sociaux ;$v41.$0(OLS)http://semarc/title/21508 850 $aSeMil 852 $aSeMil$W1$xVenegono$y1$m3U I 495$j154225$B154225$CSeMilBibl$Z2$F165102 $81 996 $6245$aLes vendéens de 93$9(OLS)http://semarc/title/295150 996 $6260$aParis :$bÉditions du Seuil$9(OLS)http://semarc/publisher/29806